Instant notes psychology / (Record no. 2881)

000 -LEADER
fixed length control field 01211cam a2200337 a 4500
001 - CONTROL NUMBER
control field 12899228
003 - CONTROL NUMBER IDENTIFIER
control field OSt
005 - DATE AND TIME OF LATEST TRANSACTION
control field 20180117085951.0
008 - FIXED-LENGTH DATA ELEMENTS--GENERAL INFORMATION
fixed length control field 020819s2001 enka b 001 0 eng d
010 ## - LIBRARY OF CONGRESS CONTROL NUMBER
LC control number 2002510786
020 ## - INTERNATIONAL STANDARD BOOK NUMBER
International Standard Book Number 0387915923
035 ## - SYSTEM CONTROL NUMBER
System control number (OCoLC)ocm45565123
040 ## - CATALOGING SOURCE
Original cataloging agency EQO
Transcribing agency EQO
Modifying agency MBB
-- DLC
042 ## - AUTHENTICATION CODE
Authentication code lccopycat
050 00 - LIBRARY OF CONGRESS CALL NUMBER
Classification number BF141
Item number .C47 2001
082 00 - DEWEY DECIMAL CLASSIFICATION NUMBER
Classification number 150
Edition number 21
100 1# - MAIN ENTRY--PERSONAL NAME
Personal name Christensen, I. P.
Fuller form of name (Ian P.)
245 10 - TITLE STATEMENT
Title Instant notes psychology /
Statement of responsibility, etc. I.P. Christensen, H.L. Wagner, and M.S. Halliday.
246 30 - VARYING FORM OF TITLE
Title proper/short title Psychology
260 ## - PUBLICATION, DISTRIBUTION, ETC.
Place of publication, distribution, etc. Oxford :
Name of publisher, distributor, etc. BIOS Scientific;
Place of publication, distribution, etc. New York :
Name of publisher, distributor, etc. Springer,
Date of publication, distribution, etc. 2001.
300 ## - PHYSICAL DESCRIPTION
Extent vi, 313 p. :
Other physical details ill. ;
Dimensions 25 cm.
440 #0 - SERIES STATEMENT/ADDED ENTRY--TITLE
Title Instant notes series
504 ## - BIBLIOGRAPHY, ETC. NOTE
Bibliography, etc. note Includes bibliographical references (p. [305]-308) and index.
650 #0 - SUBJECT ADDED ENTRY--TOPICAL TERM
Topical term or geographic name entry element Psychology
Form subdivision Outlines, syllabi, etc.
700 1# - ADDED ENTRY--PERSONAL NAME
Personal name Wagner, Hugh L.
700 1# - ADDED ENTRY--PERSONAL NAME
Personal name Halliday, M. S.
Fuller form of name (M. Sebastian)
906 ## - LOCAL DATA ELEMENT F, LDF (RLIN)
a 7
b cbc
c copycat
d 3
e ncip
f 20
g y-gencatlg
942 ## - ADDED ENTRY ELEMENTS (KOHA)
Source of classification or shelving scheme
Koha item type Book
Holdings
Withdrawn status Lost status Source of classification or shelving scheme Damaged status Not for loan Collection code Permanent Location Current Location Shelving location Date acquired Total Checkouts Full call number Barcode Date last seen Date last checked out Price effective from Koha item type
            Central Library (CL) Central Library (CL) General Stacks 03/24/2016 3 150 CHR S3H-N-270 12/11/2022 10/22/2022 03/24/2016 Book
© 2023 Central Library, National University of Sciences and Technology. All Rights Reserved.